[Event "5th Open"]
[Site "Istanbul TUR"]
[Date "2006.09.05"]
[Round "7"]
[White "Gurevich,M"]
[Black "Azarov,S"]
[Result "1/2-1/2"]
[WhiteElo "2643"]
[BlackElo "2579"]

1.d4 Nf6 2.c4 e6 3.Nc3 Bb4 4.Qc2 d5 5.a3 Bxc3+ 6.Qxc3 c5 7.dxc5 d4 8.Qg3 Nc6
9.b4 e5 10.e4 dxe3 11.Bxe3 O-O 12.Rd1 Qe7 13.Nf3 Bg4 14.Be2 a5 15.b5 Bxf3
16.Bxf3 Nd4 17.O-O Ne4 18.Qh3 Nxf3+ 19.Qxf3 Nxc5 20.Rd5 Na4 21.Qf5 Qxa3 22.Qxe5 Rfe8
23.Qc7 b6 24.Rd7 Rac8 25.Qb7 Qf8 26.Rc1 Rxe3 27.fxe3 Nc5 28.Qd5 Qe8 29.Rd1 Qxe3+
30.Kh1 Nxd7 31.Qxd7 Rf8 32.h3 g6 33.Qc7 a4 34.Qa7 a3 35.Rf1 Qc5 36.Rf3 Qxc4
37.Qxa3 Qxb5 38.Qe7 Qc4 39.Rf6 b5 40.Qe5 b4 41.Rb6 Rd8 42.Rb7 h5 43.Qf6 Rf8
44.h4 Qe4 45.Rb6 Re8 46.Kh2 Rc8 47.Rb5 Qe6 48.Qxe6 fxe6 49.Rxb4 Kf7 50.Kg3 Kf6
51.Kf4 Rd8 52.g3 Rd1 53.Ra4 e5+ 54.Ke4 Re1+ 55.Kf3 Kf5 56.Ra8 Rf1+ 57.Kg2 Rd1
58.Ra4 Rd4 59.Ra5 Rd2+ 60.Kf3 Rd3+ 61.Kf2 Kg4 62.Ra6 Rf3+ 63.Ke2 Rxg3 64.Rxg6+ Kxh4
65.Re6 Rg5 66.Kf3 Rf5+ 67.Ke4 Rf1 68.Ra6 Re1+ 69.Kf5 Kg3 70.Ra3+ Kg2 71.Ra2+ Kg3
72.Ra3+ Kg2 73.Ra2+ Kf3 74.Rh2 e4 75.Rh3+ Kf2 76.Kf4 e3 77.Rh2+ Kg1 78.Rxh5 Kg2
79.Ke4  1/2-1/2

[Event "5th Open"]
[Site "Izmir TUR"]
[Date "2006.09.11"]
[Round "2"]
[White "Gurevich,M"]
[Black "Han,Hak"]
[Result "1-0"]
[WhiteElo "2643"]
[BlackElo "2221"]

1.c4 Nf6 2.Nc3 e5 3.Nf3 Nc6 4.a3 d5 5.cxd5 Nxd5 6.Qc2 Nxc3 7.bxc3 Bd6 8.g3 O-O
9.Bg2 f5 10.d3 Kh8 11.O-O Bd7 12.Rb1 b6 13.Nd2 Qe8 14.Nc4 Bc5 15.e3 Rc8 16.a4 Na5
17.Nxa5 bxa5 18.Ra1 Rb8 19.d4 Bd6 20.c4 Bb4 21.dxe5 Qxe5 22.Bb2 Qe7 23.Rfd1 Rbd8
24.Bd4 c5 25.Bb2 Be6 26.Rac1 Kg8 27.Bf1 Rxd1 28.Rxd1 Rd8 29.Rxd8+ Qxd8 30.Bd3 Qd7
31.Kf1 Kf8 32.Kg1 Ke8 33.h4 Kd8 34.Be5 g6 35.Kf1 Qc6 36.e4 Bd7 37.h5 Kc8
38.Kg1 Qe6 39.f4 fxe4 40.Bxe4 Qh3 41.Qd3 Be1 42.f5 Kd8 43.Qd6 Bxg3 44.Qf8+ Be8
45.Qf6+ Kc8 46.Qa6+ Kd7 47.Qb7+  1-0

[Event "5th Open"]
[Site "Izmir TUR"]
[Date "2006.09.12"]
[Round "3"]
[White "Tsereteli,T"]
[Black "Gurevich,M"]
[Result "0-1"]
[WhiteElo "2331"]
[BlackElo "2643"]

1.e4 e6 2.d4 d5 3.exd5 exd5 4.Nf3 Bg4 5.Qe2+ Qe7 6.Be3 Nc6 7.Nc3 O-O-O 8.O-O-O f6
9.h3 Bh5 10.g4 Bf7 11.Bg2 Qe8 12.Bf4 Bb4 13.Qxe8 Rxe8 14.a3 Bxc3 15.bxc3 Na5
16.Nd2 Ne7 17.Rde1 b6 18.Bf1 Kd7 19.Bd3 Bg6 20.Be2 Nc8 21.h4 h5 22.Rhg1 Re7
23.g5 Bf5 24.Bf3 Rxe1+ 25.Rxe1 Ne7 26.Nf1 Bg4 27.gxf6 gxf6 28.Bg2 Nc4 29.Ne3 Nxe3
30.fxe3 Rg8 31.Kd2 c6 32.e4 Bf5 33.Bf3 Bxe4 34.Bxh5 Nf5 35.Re2 Nxh4 36.Rh2 Ng2
37.Bh6 Ke6 38.Be2 Rg6 39.c4 Rg3 40.Bf1 Kf5 41.cxd5 cxd5 42.Bxg2 Bxg2 43.Bf8 Be4
44.Bd6 Rg8 45.Rf2+ Ke6 46.Bf4 Rc8 47.c3 Rg8 48.Bh2 Rg7 49.Bb8 Rb7 50.Bg3 Rg7
51.Bb8 a6 52.Bh2 Rh7 53.Bb8 Rh3 54.Bc7 Rd3+ 55.Ke1 Rxc3 56.Bxb6 Rxa3 57.Bd8 f5
58.Bc7 a5 59.Rb2 a4 60.Rb6+ Kd7 61.Be5 Rb3 62.Ra6 a3 63.Kd2 Rd3+ 64.Kc1 Rc3+
65.Kd1 Rb3 66.Kd2 Bd3 67.Rd6+ Ke7 68.Rxd5 Bb5 69.Rc5 f4 70.Bxf4 a2 71.Rc7+ Ke6
72.Ra7 Rd3+ 73.Kc2 Rxd4 74.Bc1 Bc4 75.Bb2 Rh4 76.Ra5 Rh3 77.Ba1 Kd6 78.Be5+ Kc6
79.Bd4 Bd5 80.Rc5+ Kd6 81.Ra5 Rh1 82.Ra6+ Kc7 83.Ra5 Kc6 84.Rc5+ Kd6 85.Ra5 Rb1
86.Ra6+ Kc7 87.Ra7+ Kc6 88.Ra5 Rb4 89.Bc3 Rg4 90.Kd3 Bc4+ 91.Ke3 Kb6 92.Ra4 Rg3+
93.Kd2 Bb5 94.Bd4+ Kc6 95.Ra5 Rd3+ 96.Kc2 Rxd4 97.Rxa2 Kc5 98.Ra3 Ba4+ 99.Kc3 Bb5
100.Kc2 Re4 101.Rc3+ Bc4 102.Rg3 Kb4 103.Rg2 Rd4 104.Rd2 Bb3+ 105.Kc1 Rc4+
106.Kb2 Rc8 107.Rd4+ Bc4 108.Rd6 Ra8 109.Rb6+ Bb5 110.Rf6 Rd8 111.Rf2 Bc4
112.Kc2 Bb3+ 113.Kc1 Rd1+ 114.Kb2 Rd3 115.Rf4+ Bc4 116.Kc2 Ra3 117.Kd2 Kc5
118.Rh4 Bd5 119.Rf4 Kd6 120.Rb4 Ke5 121.Kc2 Rh3 122.Kb2 Rh2+ 123.Kc3 Be4
124.Rb5+ Kf4 125.Kd4 Rd2+ 126.Kc5 Rd8 127.Rb6 Ke5 128.Kb4 Kd4 129.Kb3 Bd5+
130.Kb2 Rg8 131.Rh6 Rg2+ 132.Ka3 Kc5  0-1

[Event "5th Open"]
[Site "Izmir TUR"]
[Date "2006.09.14"]
[Round "5"]
[White "Bojkov,D"]
[Black "Gurevich,M"]
[Result "1-0"]
[WhiteElo "2445"]
[BlackElo "2643"]

1.e4 e6 2.d4 d5 3.Nc3 Nf6 4.Bg5 dxe4 5.Nxe4 Be7 6.Bxf6 Bxf6 7.Nf3 Nd7 8.Bd3 b6
9.Qe2 Bb7 10.O-O-O Qe7 11.Kb1 O-O-O 12.Ba6 Nb8 13.Bxb7+ Kxb7 14.Rd3 Nc6 15.Rhd1 Kb8
16.a3 Rd7 17.Nxf6 gxf6 18.Qe4 Rd6 19.Qh4 Qd8 20.Qh5 Qg8 21.Qh4 Qg6 22.d5 exd5
23.Rxd5 Rxd5 24.Rxd5 Qxg2 25.Qxf6 Qf1+ 26.Ka2 Qc4+ 27.Kb1 Qxd5 28.Qxh8+ Kb7
29.Qc3 Qd1+ 30.Ka2 Qd5+ 31.b3 Nd8 32.Nd4 Qg2 33.Qg3 Qe4 34.Qf3 Qxf3 35.Nxf3 Kc6
36.c4 Kd6 37.Kb2 Ke6 38.Nd4+ Kd7 39.Kc2 c5 40.Nb5 Nc6 41.Kd3 Ke6 42.Ke4 f5+
43.Kf4 Kf6 44.h3 h6 45.h4 Ke6 46.Nc7+ Kf6 47.Nb5 Ke6 48.Nc7+ Kf7 49.Nb5 Kf6
50.h5 Ke6 51.Nc7+ Kf7 52.Kxf5 Nd4+ 53.Ke5 Nxb3 54.Nb5 Nd2 55.Nd6+ Kg7 56.f4 Nb1
57.a4 Nc3 58.Ke6 Kf8 59.f5 Nxa4 60.f6 b5 61.Nf5 Nb6 62.Ne7 Nd7 63.cxb5 Ke8
64.f7+ Kd8 65.Nc6+ Kc7 66.Ne5  1-0

[Event "5th Open"]
[Site "Izmir TUR"]
[Date "2006.09.16"]
[Round "7"]
[White "Sulashvili,M"]
[Black "Gurevich,M"]
[Result "0-1"]
[WhiteElo "2431"]
[BlackElo "2643"]

1.e4 e6 2.d4 d5 3.Nc3 Nf6 4.Bg5 dxe4 5.Nxe4 Nbd7 6.Nf3 h6 7.Nxf6+ Nxf6 8.Bh4 Be7
9.Bd3 c5 10.Bb5+ Bd7 11.Bxd7+ Qxd7 12.O-O cxd4 13.Qxd4 Qxd4 14.Nxd4 O-O-O
15.Nf3 g5 16.Bg3 Ne4 17.Be5 f6 18.Rfe1 Nc5 19.Bc3 e5 20.Bb4 Rd7 21.Red1 Rhd8
22.Rxd7 Rxd7 23.Re1 Nd3 24.cxd3 Bxb4 25.Rc1+ Kd8 26.a3 Ba5 27.b4 Bb6 28.Ne1 e4
29.Kf1 exd3 30.Rd1 Ke7 31.Nxd3 Rc7 32.Ke2 Rc3 33.a4 Ke6 34.f3 Bd4 35.Rd2 Rc4
36.Ra2 Kd5 37.b5 Rc8 38.a5 Bc3 39.Nf2 Kc4 40.Ne4 Kb3 41.Nxc3 Rxc3 42.Rd2 Rc2
43.Rxc2 Kxc2 44.f4 Kc3  0-1

[Event "5th Open"]
[Site "Izmir TUR"]
[Date "2006.09.17"]
[Round "8"]
[White "Gurevich,M"]
[Black "Sanikidze,T"]
[Result "0-1"]
[WhiteElo "2643"]
[BlackElo "2418"]

1.c4 e5 2.Nc3 Nf6 3.Nf3 Nc6 4.a3 d5 5.cxd5 Nxd5 6.Qc2 Nxc3 7.bxc3 Bd6 8.g3 O-O
9.Bg2 h6 10.O-O Rb8 11.d4 Qe7 12.e4 b6 13.Be3 Na5 14.dxe5 Bxe5 15.Nxe5 Qxe5
16.Bd4 Qe7 17.c4 Be6 18.Qc3 f6 19.e5 f5 20.Bd5 Rbd8 21.Bc5 bxc5 22.Qxa5 Bxd5
23.cxd5 Qxe5 24.Qxa7 Rxd5 25.a4 f4 26.Qb7 c4 27.Rac1 Rc5 28.Qb4 fxg3 29.hxg3 c3
30.Rfe1 Qf5 31.Re2 Rd8 32.Rxc3 Rd1+ 33.Kg2 Rxc3 34.Qxc3 Qd5+ 35.f3 Rd3 36.Qe5 Qxf3+
37.Kh2 Rd5 38.Qe8+ Kh7 39.Qe4+ Qxe4 40.Rxe4 Ra5 41.Re7 c5 42.Rc7 Kg6 43.Kh3 Kf6
44.Kg2 Ke5 45.Rxg7 c4 46.Kf3 Kd4 47.Rd7+ Kc3 48.Rb7 Kd3 49.Rb5 Rxa4 50.Rd5+ Kc2
51.Rd6 h5 52.Rd5 c3 53.Rxh5 Kb2 54.Rb5+ Kc1 55.g4 c2 56.Kg3 Kd2 57.Rb2 Kc3
58.Rxc2+ Kxc2 59.Kh4 Kd3 60.Kg5 Ke4  0-1

[Event "Gibtelecom Masters"]
[Site "Catalan Bay ENG"]
[Date "2007.01.27"]
[Round "5"]
[White "Gurevich,M"]
[Black "Roiz,M"]
[Result "1/2-1/2"]
[WhiteElo "2635"]
[BlackElo "2605"]

1.d4 Nf6 2.c4 e6 3.Nc3 Bb4 4.e3 O-O 5.Ne2 d5 6.a3 Be7 7.cxd5 Nxd5 8.g3 c5
9.dxc5 Nxc3 10.Nxc3 Qxd1+ 11.Kxd1 Bxc5 12.Bg2 Be7 13.Kc2 Rd8 14.b4 Nc6 15.Bb2 Bd7
16.Rhd1 Be8 17.Rxd8 Rxd8 18.Rd1 Rxd1 19.Kxd1 a6 20.Ne4 Nd8 21.Nc5 Bxc5 22.bxc5 Bc6
23.e4 f6 24.f4 Kf7 25.Kd2 f5 26.Ke3 g6 27.Bf3 fxe4 28.Bxe4 Bxe4 29.Kxe4 h5
30.h3 Nc6 31.g4 hxg4 32.hxg4 Ke7 33.f5 exf5+ 34.gxf5 gxf5+ 35.Kxf5 Kd7 36.Ke4 Ke6
37.Bc3 Ne7 38.Be1 Kd7 39.Kd4 Kc6 40.Kc4 Nd5  1/2-1/2

[Event "Gibtelecom Masters"]
[Site "Catalan Bay ENG"]
[Date "2007.01.30"]
[Round "7"]
[White "Gurevich,M"]
[Black "Kuzubov,Y"]
[Result "1/2-1/2"]
[WhiteElo "2635"]
[BlackElo "2554"]

1.d4 Nf6 2.c4 e6 3.Nc3 Bb4 4.Qc2 d5 5.cxd5 exd5 6.Bg5 c5 7.dxc5 h6 8.Bh4 Nc6
9.e3 g5 10.Bg3 Ne4 11.Bd3 Nxg3 12.hxg3 d4 13.exd4 Qxd4 14.Ne2 Qxc5 15.a3 Bxc3+
16.Qxc3 Qxc3+ 17.Nxc3 Be6 18.Bb5 Rc8 19.Rd1 a6 20.Be2 Kf8 21.Ne4 Kg7 22.Nc5 Rhe8
23.O-O Bb3 24.Bg4 Bxd1 25.Bxc8 Rxc8 26.Rxd1 Rc7 27.f3 g4 28.Rd7 Rxd7 29.Nxd7 Na5
30.Nc5 Nc4 31.b3 Nxa3 32.Nxb7 gxf3 33.gxf3 Nc2 34.Nc5 Nb4 35.Kf2 Kf6 36.f4 Kf5
37.Kf3 h5 38.Nb7 Nc2 39.Nc5 Nb4 40.Nb7 Nc2 41.Nc5 Nb4  1/2-1/2

[Event "TCh-FRA Top 16 GpA"]
[Site "Vandoeuvre FRA"]
[Date "2007.02.09"]
[Round "1"]
[White "Gurevich,M"]
[Black "Asrian,K"]
[Result "1-0"]
[WhiteElo "2635"]
[BlackElo "2634"]

1.d4 e6 2.c4 Bb4+ 3.Nd2 d5 4.Qa4+ Nc6 5.e3 Nf6 6.Nf3 O-O 7.a3 Bxd2+ 8.Bxd2 Ne4
9.Qc2 Nxd2 10.Qxd2 Qf6 11.Qc3 Re8 12.Rd1 Bd7 13.Be2 dxc4 14.Bxc4 Re7 15.O-O Be8
16.Rd2 e5 17.d5 Nb8 18.Rfd1 Qd6 19.Ng5 Nd7 20.Ne4 Qg6 21.Qb4 Nb6 22.Bb3 Rd7
23.Nc5 Rdd8 24.Qc3 c6 25.d6 Nd5 26.Qxe5 b6 27.Na6 Rac8 28.e4 Nf6 29.f3 Qh6
30.Qc3 Bd7 31.Nb4 Nh5 32.Nd3 Qe3+ 33.Kf1 Be6 34.Bxe6 fxe6 35.Qe5 Qh6 36.g4 Qf6
37.gxh5 Qxf3+ 38.Kg1 Rf8 39.Qxe6+ Kh8 40.d7 Rcd8 41.Re1 Rf6 42.Qe8+ Rf8 43.Qe7  1-0

[Event "TCh-ESP Honor Gp2"]
[Site "Torrelavega ESP"]
[Date "2007.07.01"]
[Round "5"]
[White "Giorgadze,G1"]
[Black "Gurevich,M"]
[Result "1/2-1/2"]
[WhiteElo "2610"]
[BlackElo "2635"]

1.d4 d5 2.c4 c6 3.Nf3 Nf6 4.e3 Bg4 5.Nc3 e6 6.h3 Bh5 7.g4 Bg6 8.Ne5 Nfd7
9.Nxg6 hxg6 10.Bd2 f5 11.Qb3 Qb6 12.Qc2 Qd8 13.O-O-O Nb6 14.Kb1 N8d7 15.c5 Nc8
16.e4 Qf6 17.exd5 exd5 18.Bf4 fxg4 19.Qd2 Ne7 20.Bg5 Qf7 21.Re1 O-O-O 22.h4 Re8
23.Bd3 Nf5 24.Rxe8+ Qxe8 25.Re1 Qf7 26.Qf4 Nf6 27.Bxf5+ gxf5 28.Qxf5+ Qd7
29.Qg6 Be7 30.h5 Bd8 31.h6 Rxh6 32.Bxh6 gxh6 33.Re5 h5 34.Qh6 Qf7 35.a3 Nd7
36.Rxh5 Qxf2 37.Qe6 Qxd4 38.Ka1 Qg7 39.Qf5 Qf8 40.Qxg4 Qxc5 41.Rh7 Qd6 42.Qf5  1/2-1/2

[Event "Arctic Chess Challenge"]
[Site "Tromso NOR"]
[Date "2007.08.06"]
[Round "3"]
[White "Sarakauskas,G"]
[Black "Gurevich,M"]
[Result "0-1"]
[WhiteElo "2450"]
[BlackElo "2633"]

1.d4 d5 2.c4 c6 3.cxd5 cxd5 4.Nc3 Nf6 5.Nf3 Nc6 6.Bf4 a6 7.Rc1 Bf5 8.e3 Rc8
9.Be2 e6 10.O-O Be7 11.Nd2 O-O 12.Nb3 Nd7 13.a3 b5 14.a4 b4 15.Nb1 Qb6 16.Bd3 Bxd3
17.Qxd3 Rfd8 18.N1d2 e5 19.dxe5 Ndxe5 20.Qe2 Bf6 21.Bxe5 Nxe5 22.a5 Qd6 23.Rfd1 Rxc1
24.Rxc1 Nc4 25.Nxc4 dxc4 26.Qxc4 Bxb2 27.Rf1 Bc3 28.g3 g6 29.Rb1 h5 30.Nd4 Qf6
31.Nb3 Qf5 32.Rc1 Rd6 33.Qc5 Qd3 34.h4 Bf6 35.Rf1 Rd5 36.Qc8+ Kg7 37.Nc1 Qb5
38.Nb3 Qa4 39.Nd4 Bxd4 40.exd4 Qxa5 41.Rc1 b3 42.Qb8 Qd2 43.Rf1 b2 44.Qb6 Rb5  0-1

[Event "Arctic Chess Challenge"]
[Site "Tromso NOR"]
[Date "2007.08.10"]
[Round "7"]
[White "Jaeger,F"]
[Black "Gurevich,M"]
[Result "0-1"]
[WhiteElo "2096"]
[BlackElo "2633"]

1.d4 d5 2.c4 c6 3.Nc3 Nf6 4.Nf3 e6 5.Bg5 Be7 6.e3 Nbd7 7.Qc2 O-O 8.O-O-O Nb6
9.Ne5 dxc4 10.Nxc4 Nbd5 11.h4 Nxc3 12.Qxc3 b6 13.Ne5 Bb7 14.Kb1 c5 15.Bb5 Nd5
16.Qb3 Rc8 17.Bxe7 Qxe7 18.dxc5 bxc5 19.e4 Nb6 20.f3 Rfd8 21.g3 Qc7 22.Ng4 c4  0-1

[Event "7th Amplico AIG Life"]
[Site "Warsaw POL"]
[Date "2007.12.15"]
[Round "3"]
[White "Gurevich,M"]
[Black "Deszczynski,A"]
[Result "1-0"]
[WhiteElo "2627"]
[BlackElo "2335"]

1.c4 Nf6 2.Nc3 g6 3.g3 Bg7 4.Bg2 O-O 5.d3 c5 6.Rb1 Nc6 7.a3 d6 8.b4 Ne8 9.Na4 cxb4
10.axb4 Nc7 11.b5 Ne5 12.Nf3 Nxf3+ 13.Bxf3 Ne6 14.Bg2 a6 15.bxa6 Rxa6 16.Bd2 Bd7
17.Nc3 Bc6 18.O-O Nc5 19.Qc1 e6 20.Bh6 Bxh6 21.Qxh6 e5 22.Rb2 Rb6 23.Rfb1 Rxb2
24.Rxb2 Qa5 25.Qc1 Ra8 26.Ra2 Qd8 27.Qa1 Rxa2 28.Qxa2 Qb6 29.Bd5 Kg7 30.Kg2 Ne6
31.Qa3 Qc5 32.Qb2 f5 33.Kg1 Kf6 34.e3 Qa5 35.d4 exd4 36.exd4 Ng5 37.h4 Nf7
38.Bxf7 Kxf7 39.d5 Bd7 40.Qxb7 Ke7 41.Qb2 Qc5 42.Qe2+ Kf7 43.Qd3 Bc8 44.Nb5 Bd7
45.Qe2 Kf8 46.Qb2 Kg8 47.Qf6 Bxb5 48.Qe6+ Kg7 49.cxb5 Qxb5 50.Qxd6  1-0

[Event "7th Amplico AIG Life"]
[Site "Warsaw POL"]
[Date "2007.12.15"]
[Round "6"]
[White "Narmontas,M"]
[Black "Gurevich,M"]
[Result "0-1"]
[WhiteElo "2367"]
[BlackElo "2627"]

1.e4 e6 2.d4 d5 3.Nc3 Nf6 4.e5 Nfd7 5.f4 c5 6.dxc5 Bxc5 7.Qg4 O-O 8.Nf3 Nc6
9.Bd3 h6 10.a3 a6 11.Qh5 Qe8 12.g4 f6 13.Bg6 Qe7 14.g5 fxg5 15.Nxg5 Ndxe5
16.fxe5 Nxe5 17.Bh7+ Kh8 18.Bd2 Bd7 19.Ne2 Be8 20.Qh3 Bf2+ 21.Kd1 hxg5 22.Bb4 g4
23.Bxe7 gxh3 24.Bxf8 Kxh7 25.Bd6 Ng4 26.Nf4 e5 27.Nxh3 Bh5 28.Kc1 Be3+ 29.Kb1 Bg6
30.Re1 d4 31.Ng1 Rc8 32.Nf3 Rxc2 33.Ka2 e4 34.Ne5 Nxe5 35.Bxe5 Bf7+ 36.Kb1 Rg2
37.Bg3 b5 38.a4 b4 39.a5 Bd2 40.Rf1 Bc4  0-1

[Event "7th Amplico AIG Life"]
[Site "Warsaw POL"]
[Date "2007.12.15"]
[Round "7"]
[White "Gurevich,M"]
[Black "Warakomski,T"]
[Result "1-0"]
[WhiteElo "2627"]
[BlackElo "2498"]

1.c4 e5 2.Nc3 Nc6 3.Nf3 f5 4.d4 e4 5.Bg5 Be7 6.Bxe7 Ncxe7 7.Ng5 Nf6 8.e3 d6
9.Be2 O-O 10.h4 c5 11.Qd2 h6 12.Nh3 Be6 13.Nf4 Bf7 14.O-O-O a6 15.Kb1 Qc7
16.dxc5 dxc5 17.Qd6 Rac8 18.Qxc7 Rxc7 19.Rd6 Nc8 20.Rd2 Nb6 21.b3 Rd7 22.Rxd7 Nfxd7
23.Rd1 Re8 24.a4 a5 25.Nb5 g6 26.Nd6 Rb8 27.Nxf7 Kxf7 28.Rd6 g5 29.Bh5+ Ke7
30.Re6+ Kd8 31.hxg5 hxg5 32.Nh3 Kc7 33.Nxg5 Rh8 34.Bg6 Nf8 35.Re7+ Kd6 36.Rxb7 Rh1+
37.Kc2 Nfd7 38.Bxf5 Rh5 39.Bxd7  1-0

[Event "7th Amplico AIG Life"]
[Site "Warsaw POL"]
[Date "2007.12.15"]
[Round "8"]
[White "Gurevich,M"]
[Black "Sulskis,S"]
[Result "1-0"]
[WhiteElo "2627"]
[BlackElo "2527"]

1.c4 e5 2.Nc3 Nc6 3.Nf3 Nf6 4.a3 d6 5.g3 Nd4 6.Bg2 g6 7.O-O Bg7 8.d3 O-O
9.Nd2 c6 10.e3 Ne6 11.Nf3 a5 12.Rb1 Re8 13.b3 d5 14.Nxe5 Nd7 15.cxd5 cxd5
16.d4 Nxe5 17.dxe5 d4 18.exd4 Qxd4 19.Qxd4 Nxd4 20.f4 Be6 21.b4 Rac8 22.Ne4 Rc2
23.Be3 Nf5 24.Bf2 axb4 25.Rxb4 h5 26.Rxb7 Ra2 27.Rfb1 Rxa3 28.Rb8 Rxb8 29.Rxb8+ Kh7
30.Ng5+ Kh6 31.Nxe6 fxe6 32.Rb6 h4 33.g4 Ne3 34.Bxe3 Rxe3 35.Rxe6 Bf8 36.Rc6 h3
37.Bd5 Bb4 38.Kf2 Rd3 39.Rxg6+ Kh7 40.Be4 Bc5+ 41.Kf1 Rd4 42.Bf5 Rxf4+ 43.Ke2 Kh8
44.Rh6+ Kg7 45.Rxh3 Bg1 46.Rh7+ Kg8 47.e6 Bc5 48.e7  1-0

[Event "7th Amplico AIG Life 13th-16th"]
[Site "Warsaw POL"]
[Date "2007.12.16"]
[Round "1"]
[White "Guliyev,N"]
[Black "Gurevich,M"]
[Result "1-0"]
[WhiteElo "2560"]
[BlackElo "2627"]

1.e4 e6 2.d4 d5 3.Nc3 Nf6 4.Bg5 dxe4 5.Nxe4 Nbd7 6.Nxf6+ Nxf6 7.Nf3 h6 8.Be3 Nd5
9.Bd2 a6 10.Bd3 c5 11.dxc5 Bxc5 12.Qe2 Qc7 13.O-O-O Bd7 14.Ne5 Bc6 15.Nxc6 bxc6
16.Qg4 O-O 17.Bxh6 f5 18.Qc4 Bxf2 19.Bd2 Rab8 20.Rdf1 Qe5 21.c3 Be3 22.Rd1 Rb6
23.Bc2 Rb5 24.Bb3 Rc5 25.Qd3 f4 26.Kb1 a5 27.Rhe1 Rb8 28.Bxe3 fxe3 29.Qd4 Qf5+
30.Ka1 Rcb5 31.g4 Qf2 32.Qe4 a4 33.Rf1 axb3 34.Rxf2 exf2 35.Qxe6+ Kh8 36.Rf1 Ra5
37.a3 Rxa3+ 38.bxa3 b2+ 39.Kb1 Nxc3+ 40.Kc2 b1=Q+ 41.Rxb1 Nxb1 42.Qf7 Nxa3+
43.Kc3 Nb5+ 44.Kd3 Rd8+ 45.Ke2 Nc3+ 46.Kxf2 Ne4+ 47.Ke1 Nf6 48.g5 Nh7 49.h4 c5
50.Qc7 Re8+ 51.Kf2 Rf8+ 52.Kg3 Nxg5 53.hxg5 g6 54.Qxc5 Rf5 55.Qe7 Kg8 56.Kg4 Rf7
57.Qd8+ Kg7 58.Qd5 Kg8 59.Qc6 Kg7 60.Qh1 Kg8 61.Qh6 Rg7 62.Kf4 Rf7+ 63.Ke5 Re7+
64.Kd5 Re6 65.Qh3 Re7 66.Kd6 Rf7 67.Qh6 Rg7 68.Qxg7+  1-0

[Event "6th Gibtelecom Masters"]
[Site "Gibraltar ENG"]
[Date "2008.01.31"]
[Round "10"]
[White "Gurevich,M"]
[Black "Cmilyte,V"]
[Result "1-0"]
[WhiteElo "2607"]
[BlackElo "2475"]

1.d4 Nf6 2.c4 e6 3.Nc3 Bb4 4.e3 O-O 5.Ne2 Re8 6.a3 Bf8 7.d5 exd5 8.cxd5 c5
9.Ng3 d6 10.Be2 Nbd7 11.O-O a6 12.a4 Rb8 13.f3 g6 14.e4 Qc7 15.Be3 h5 16.Nh1 c4
17.Ba7 Ra8 18.Bd4 Bg7 19.Nf2 b6 20.b4 cxb3 21.Qxb3 Rb8 22.Qb2 Ne5 23.Rfc1 Qe7
24.Na2 a5 25.Nc3 Bh6 26.Rc2 h4 27.Nb5 Nh5 28.Nd3 Nf4 29.Nxf4 Bxf4 30.Qa3 Qg5
31.Kh1 Ba6 32.Nxd6 Bxe2 33.Rxe2 Red8 34.Rd1 Qh5 35.Bxe5 Qxe5 36.Nc4 Qc7 37.Rc2 b5
38.axb5 Rxb5 39.Qd3 Qb8 40.d6 Rb1 41.e5 Qb5 42.g3 Bxe5 43.Rxb1 Qxb1+ 44.Kg2 Qb5
45.Rd2 hxg3 46.hxg3 Bf6 47.Qd5 Qxd5 48.Rxd5 Bc3 49.d7 Kf8 50.Rd3 Bb4 51.Ne5 a4
52.Nc6 Be7 53.Nxd8 Bxd8 54.Re3 Be7 55.Re4 a3 56.Ra4  1-0

[Event "ch-TUR"]
[Site "Ankara TUR"]
[Date "2008.03.25"]
[Round "3"]
[White "Gurevich,M"]
[Black "Citak,S"]
[Result "1-0"]
[WhiteElo "2607"]
[BlackElo "2319"]

1.c4 Nf6 2.Nc3 e5 3.g3 d5 4.cxd5 Nxd5 5.Bg2 Nb6 6.Nf3 Nc6 7.d3 Be7 8.a3 a5
9.Be3 O-O 10.O-O Be6 11.Na4 Nd5 12.Bc5 b6 13.Bxe7 Ndxe7 14.Nc3 f6 15.Qa4 Qd7
16.Rfd1 Rad8 17.b4 Nd4 18.Qxd7 Rxd7 19.bxa5 Nb3 20.Rab1 Nxa5 21.d4 exd4 22.Nxd4 Bg4
23.Ndb5 Rc8 24.Rxd7 Bxd7 25.Rd1 Be6 26.f4 Nc4 27.Kf2 c6 28.Nd6 Rd8 29.Nxc4 Rxd1
30.Nxd1 Bxc4 31.Nc3 b5 32.Ke3 c5 33.Ne4 b4 34.a4 Bd5 35.Bf3 b3 36.Kd2 c4
37.Kc3 Kf7 38.Nd2 Bxf3 39.Nxf3 Nd5+ 40.Kxc4 b2 41.Nd2 Ne3+ 42.Kb3 Nf1 43.Nb1 Ke8
44.Kxb2 Nxh2 45.Nd2 h5 46.Kc3 Kd8 47.f5 Ng4 48.Kd4  1-0

[Event "ch-TUR"]
[Site "Ankara TUR"]
[Date "2008.03.27"]
[Round "5"]
[White "Gurevich,M"]
[Black "Erdogan,H"]
[Result "1-0"]
[WhiteElo "2607"]
[BlackElo "2282"]

1.d4 Nf6 2.c4 e6 3.Nc3 c5 4.d5 exd5 5.cxd5 d6 6.e4 g6 7.Nge2 Bg7 8.Ng3 O-O
9.Be2 a6 10.a4 Nbd7 11.O-O Rb8 12.Be3 h5 13.f3 Nh7 14.Qd2 h4 15.Nh1 Ne5 16.Nf2 g5
17.Rab1 Qf6 18.h3 Ng6 19.Rfc1 Nf4 20.Bf1 Bd7 21.b4 cxb4 22.Rxb4 Rfc8 23.Bd4 Qd8
24.Bxg7 Kxg7 25.Rcb1 Qf6 26.Nfd1 Rc7 27.Bxa6 Bxh3 28.gxh3 Nxh3+ 29.Kg2 Nf4+
30.Kh1 Rbc8 31.Bxb7 Rxc3 32.Bxc8 Rxc8 33.Ne3 Nf8 34.Qb2 Qxb2 35.R4xb2 N8g6
36.a5 Nd3 37.Ra2 Nge5 38.a6 Nxf3 39.a7 h3 40.Ng4  1-0

[Event "ch-TUR"]
[Site "Ankara TUR"]
[Date "2008.03.29"]
[Round "7"]
[White "Gurevich,M"]
[Black "Dogan,A"]
[Result "1-0"]
[WhiteElo "2607"]
[BlackElo "1978"]

1.d4 Nf6 2.c4 g6 3.Nc3 Bg7 4.Bg5 d6 5.e3 O-O 6.Be2 Nbd7 7.Qc2 c6 8.Nf3 Re8
9.Bh4 a6 10.O-O Qc7 11.Rfd1 e5 12.Rac1 b6 13.dxe5 dxe5 14.Ng5 h6 15.Nge4 g5
16.Bg3 Bf8 17.Bd3 Be7 18.Nxf6+ Bxf6 19.Bf5 Nf8 20.Bxc8 Raxc8 21.Qf5 Re6 22.Ne4 Be7
23.f4 exf4 24.exf4 gxf4 25.Bxf4 Qb7 26.Rc3 c5 27.Rg3+ Ng6 28.Nc3 Bh4 29.Rg4 Rce8
30.h3 Rf6 31.Qd5 Qe7 32.Bxh6 Bf2+ 33.Kh1 Re6 34.Bd2 Rd8 35.Rf1 Bh4 36.Bg5 Rxd5
37.Bxe7 Rd4 38.Bxh4 Rxg4 39.hxg4 Nxh4 40.Kh2 Kg7 41.Kg3 Ng6 42.b3 Ne7 43.Rf2 Re5
44.Re2 Rxe2 45.Nxe2 Nc6 46.Kf4 Kg6 47.Nc3 Nb4 48.Ke5 Kg5 49.Kd6 Kxg4 50.Kc7 b5
51.Kb6 bxc4 52.bxc4 Kg3 53.Kxc5 a5 54.Kb5 Kxg2 55.Kxa5 Nd3 56.Kb5 f5 57.c5 Nf4
58.c6 Ne6 59.Kb6 f4 60.a4  1-0

[Event "ch-TUR"]
[Site "Ankara TUR"]
[Date "2008.03.31"]
[Round "9"]
[White "Erdogdu,M"]
[Black "Gurevich,M"]
[Result "0-1"]
[WhiteElo "2434"]
[BlackElo "2607"]

1.e4 e6 2.d4 d5 3.Nc3 Nf6 4.Bg5 dxe4 5.Nxe4 Nbd7 6.Nf3 h6 7.Nxf6+ Nxf6 8.Be3 Bd6
9.Bd3 b6 10.O-O Bb7 11.c4 O-O 12.h3 Qe7 13.Ne5 c5 14.Qe2 Rad8 15.Rad1 Bb8
16.Bb1 cxd4 17.Bf4 Nd7 18.Qd3 g6 19.Nxd7 Rxd7 20.Bxh6 Re8 21.f4 e5 22.fxe5 Qxe5
23.Bf4 Qxf4 24.Rxf4 Bxf4 25.Rf1 Be3+ 26.Kh2 Be4 27.Qxe4 Rxe4 28.Bxe4 d3 29.Rd1 d2
30.Kg3 Rd4 31.Kf3 Bh6 32.b3 Kg7 33.Bd5 Rd3+ 34.Ke2 Rc3 35.Bf3 Rc2 36.Kd3 Rxa2
37.Rf1 f5 38.Bd1 Ra5 39.Rf2 Rc5 40.Rf3 Re5 41.Kc2 Be3 42.Kd3 f4 43.h4 g5
44.Rh3 Ra5 45.Rh1 b5 46.cxb5 Rxb5 47.hxg5 Rd5+ 48.Ke4 Rxg5 49.Bf3 Kf6 50.Kd3 Rg3
51.Kc2 Rg8 52.Kd3 Rd8+ 53.Kc3 Bf2 54.Kc2 Be1 55.Rh6+ Ke5 56.Kd1 Kd4 57.Rc6 Ke3
58.Rc4 Rf8 59.Ra4 Rf7 60.Bd5 Re7 61.Bf3 Kd3 62.Ra2 Rc7 63.Ra1 Kc3 64.Bd5 Kd4  0-1

[Event "IX EICC"]
[Site "Plovdiv BUL"]
[Date "2008.04.21"]
[Round "1"]
[White "Gurevich,M"]
[Black "Smirnov,Arte"]
[Result "0-1"]
[WhiteElo "2611"]
[BlackElo "2438"]

1.c4 Nf6 2.Nc3 e5 3.Nf3 Nc6 4.a3 g6 5.d3 Bg7 6.g3 O-O 7.Bg2 h6 8.O-O d6 9.b4 a6
10.h3 Nd4 11.Nd2 c6 12.e3 Ne6 13.Bb2 d5 14.cxd5 cxd5 15.Ne2 Qd6 16.Rc1 Bd7
17.Nf3 Nh7 18.Nc3 Bc6 19.e4 d4 20.Nd5 Nc7 21.Nb6 Rab8 22.Nc4 Qe7 23.Na5 Ne6
24.Qb3 Be8 25.h4 Bd7 26.Nc4 Nd8 27.Nb6 Be6 28.Qc2 Nc6 29.Qc5 Qd8 30.Nc4 Rc8
31.Qd6 Qf6 32.Nb6 Rfd8 33.Nxc8 Rxd6 34.Nxd6 Bg4 35.Ne8 Qe6 36.Nxg7 Kxg7 37.Rc4 Qf6
38.Nh2 Be2 39.Re1 Bxd3 40.Rc5 Qe6 41.f4 Qb3 42.Bc1 Nf6 43.fxe5 Nd7 44.Rxc6 bxc6
45.Nf3 Bb5 46.e6 fxe6 47.Nxd4 Qxg3 48.Re3 Qg4 49.Kh2 Qd1 50.Bb2 Kg8 51.Rg3 Nf6
52.Bc3 Bf1 53.Bf3 Qc1  0-1

[Event "IX EICC"]
[Site "Plovdiv BUL"]
[Date "2008.04.23"]
[Round "3"]
[White "Gurevich,M"]
[Black "Grigorov,G"]
[Result "1-0"]
[WhiteElo "2611"]
[BlackElo "2456"]

1.d4 Nf6 2.c4 e6 3.Nc3 Bb4 4.Qc2 c5 5.dxc5 O-O 6.a3 Bxc5 7.Nf3 b6 8.Bf4 Bb7
9.Rd1 Nc6 10.b4 Be7 11.e4 a5 12.b5 Na7 13.Be2 Nh5 14.Bc1 Qc7 15.O-O d6 16.Nd4 Nf6
17.f4 Nd7 18.f5 e5 19.f6 exd4 20.fxe7 Rfe8 21.Rxd4 Rxe7 22.Qd2 Nc5 23.Rxd6 Bxe4
24.Nd5 Bxd5 25.Qxd5 Rae8 26.Bg4 Re5 27.Rd7 Nxd7 28.Qxf7+ Kh8 29.Bxd7 Qc5+
30.Kh1 Ra8 31.Bb2 Rg5 32.h4 Rg3 33.Be5 Rg6 34.h5  1-0

[Event "IX EICC"]
[Site "Plovdiv BUL"]
[Date "2008.04.29"]
[Round "8"]
[White "Kotanjian,T"]
[Black "Gurevich,M"]
[Result "0-1"]
[WhiteElo "2570"]
[BlackElo "2611"]

1.d4 d5 2.c4 c6 3.Nf3 Nf6 4.e3 Bf5 5.Nc3 e6 6.Nh4 Bg6 7.Nxg6 hxg6 8.g3 Nbd7
9.a3 Bd6 10.b3 Qe7 11.Bg2 Rd8 12.O-O O-O 13.c5 Bc7 14.f4 Nh7 15.b4 g5 16.Bd2 a6
17.a4 gxf4 18.exf4 f5 19.g4 Qh4 20.h3 fxg4 21.Qxg4 Qh6 22.Qe2 Rf5 23.b5 a5
24.bxc6 bxc6 25.Rf2 Nhf8 26.Raf1 Qf6 27.Qd3 Rh5 28.Ne2 Ra8 29.Rb1 Ra7 30.Rbf1 Qf7
31.Nc1 Ng6 32.Qe2 Nh4 33.Nd3 Nf5 34.Ne5 Nxd4 35.Nxf7 Nxe2+ 36.Rxe2 Kxf7 37.Rfe1 Nf8
38.Bf3 Rxh3 39.Kg2 Rh4 40.Kg3 Rh6 41.Kg2 Rh4 42.Kg3 g5 43.Bg4 Rh6 44.Rf1 Rb7
45.Kg2 gxf4 46.Bxf4 Bxf4 47.Rxf4+ Rf6 48.Bh5+ Ke7 49.Rxf6 Kxf6 50.Rf2+ Kg7
51.Be8 Nh7 52.Bxc6 Rc7 53.Bb5 Rxc5 54.Kg3 Ng5 55.Kg4 Ne4 56.Rf1 Rc7 57.Bd3 Nc5
58.Bb5 Ne4  0-1